[Event "Mecklenburg VP LL2 Ost 1011"]
[Site "Mecklenburg VP"]
[Date "2011.01.16"]
[Round "5.3"]
[White "Herde, Dittmar"]
[Black "Goretzki, Norbert"]
[Result "1/2-1/2"]
[WhiteElo "1824"]
[BlackElo "1771"]
[PlyCount "48"]
[EventDate "2010.10.10"]
[EventType "team-tourn"]
[EventRounds "9"]
[EventCountry "GER"]
[SourceTitle "EXT 2022"]
[Source "ChessBase"]
[SourceDate "2021.10.06"]
[SourceVersion "1"]
[SourceVersionDate "2021.10.06"]
[SourceQuality "1"]
[WhiteTeam "Rostock SSC 07 III"]
[BlackTeam "Stralsund FHSG II"]
[WhiteTeamCountry "GER"]
[BlackTeamCountry "GER"]

1. d4 d5 2. c4 e6 3. Nc3 Be7 4. Nf3 Nf6 5. Bg5 0-0 6. e3 c6 7. Rc1 Nbd7 8. Bd3 dxc4 9. Bxc4 Nd5 10. Bxe7 Nxe7 11. 0-0 Nf6 12. a3 b6 13. b4 Bb7 14. Bd3 Rc8 15. Ne4 Nxe4 16. Bxe4 Ng6 17. Qb3 Qd7 18. Rc3 Rc7 19. Rfc1 Rfc8 20. h3 f6 21. Ne1 Ne7 22. Nd3 g6 23. Qc2 Kg7 24. b5 Nd5 1/2-1/2

[Event "Mecklenburg VP LL2 Ost 1011"]
[Site "Mecklenburg VP"]
[Date "2010.10.24"]
[Round "2.3"]
[White "Goretzki, Norbert"]
[Black "Boecking, Uwe"]
[Result "1-0"]
[WhiteElo "1771"]
[BlackElo "1776"]
[PlyCount "109"]
[EventDate "2010.10.10"]
[EventType "team-tourn"]
[EventRounds "9"]
[EventCountry "GER"]
[SourceTitle "EXT 2022"]
[Source "ChessBase"]
[SourceDate "2021.10.06"]
[SourceVersion "1"]
[SourceVersionDate "2021.10.06"]
[SourceQuality "1"]
[WhiteTeam "Stralsund FHSG II"]
[BlackTeam "Warnemuende SF Ostsee II"]
[WhiteTeamCountry "GER"]
[BlackTeamCountry "GER"]

1. d4 Nf6 2. c4 e6 3. Nc3 d5 4. e3 c6 5. Nf3 Bd6 6. h3 Nbd7 7. Bd3 dxc4 8. Bxc4 b5 9. Bd3 Bb7 10. 0-0 a6 11. a3 c5 12. dxc5 Nxc5 13. Be2 Qe7 14. b4 Nce4 15. Bb2 0-0 16. Nxe4 Nxe4 17. Nd4 Nf6 18. Bf3 Nd5 19. Rc1 Rac8 20. Qe2 Nb6 21. Bxb7 Qxb7 22. Qg4 f5 23. Qe2 e5 24. Nf3 Nc4 25. Rfd1 Bb8 26. Rb1 Rfd8 27. Nd2 Nxb2 28. Rxb2 Qd5 29. Rdb1 Rc3 30. e4 fxe4 31. Nxe4 Rd3 32. f3 Ba7+ 33. Kh2 Rxa3 34. Rd2 Rd3 35. Rxd3 Qxd3 36. Qxd3 Rxd3 37. Ra1 Rb3 38. Rxa6 Bd4 39. Ra8+ Kf7 40. Nd6+ Kg6 41. Nxb5 Rxb4 42. Nd6 Be3 43. Ra2 Rd4 44. Ne4 Rb4 45. Re2 Bd4 46. h4 Rb2 47. Re1 Rc2 48. Kh3 h5 49. Rb1 Rb2 50. Rc1 Rb6 51. Rd1 Kf5 52. g3 g6 53. Re1 Ra6 54. Rc1 Ra1 55. Rc6 1-0

[Event "Mecklenburg VP LL2 Ost 0910"]
[Site "Mecklenburg VP"]
[Date "2009.11.29"]
[Round "3.2"]
[White "Schmidt, Reinhard"]
[Black "Goretzki, Norbert"]
[Result "1-0"]
[WhiteElo "1823"]
[BlackElo "1766"]
[PlyCount "95"]
[EventDate "2009.10.18"]
[EventType "team-tourn"]
[EventRounds "9"]
[EventCountry "GER"]
[SourceTitle "EXT 2016"]
[Source "ChessBase"]
[SourceDate "2015.10.08"]
[SourceVersion "1"]
[SourceVersionDate "2015.10.08"]
[SourceQuality "1"]
[WhiteTeam "Warnemuende SF Ostsee II"]
[BlackTeam "Stralsund FHSG II"]
[WhiteTeamCountry "GER"]
[BlackTeamCountry "GER"]

1. e4 c5 2. Nf3 d6 3. c3 g6 4. d4 Nc6 5. Bb5 Bd7 6. 0-0 Bg7 7. Re1 Qb6 8. Bxc6 Qxc6 9. Nbd2 0-0-0 10. b4 Qa4 11. bxc5 Qxd1 12. Rxd1 dxc5 13. Bb2 cxd4 14. cxd4 h6 15. h3 e6 16. Nc4 Be8 17. Rab1 Ne7 18. Ba3 Nc6 19. Nd6+ Rxd6 20. Bxd6 b6 21. Rdc1 Kd7 22. e5 Bf8 23. Bxf8 Rxf8 24. Rc3 Kc7 25. Rbc1 Kb7 26. Kf1 Nb4 27. Rc7+ Ka6 28. Nd2 Bb5+ 29. Kg1 Nd5 30. Rc8 Rxc8 31. Rxc8 f6 32. exf6 Nxf6 33. f3 h5 34. g4 hxg4 35. hxg4 Nd5 36. Kf2 Kb7 37. Rg8 Bd3 38. Rg7+ Kb8 39. Ne4 Nb4 40. Rxg6 Bc4 41. Rg8+ Kc7 42. Rg7+ Kb8 43. g5 Bxa2 44. g6 Nc2 45. Nd6 Nxd4 46. Rb7+ Ka8 47. g7 e5 48. Rf7 1-0

[Event "Mecklenburg VP LL2 Ost 0708"]
[Site "Mecklenburg VP"]
[Date "2008.03.09"]
[Round "7.3"]
[White "Goretzki, Norbert"]
[Black "Boecking, Uwe"]
[Result "1/2-1/2"]
[WhiteElo "1698"]
[BlackElo "1733"]
[PlyCount "54"]
[EventDate "2007.10.21"]
[EventType "team-tourn"]
[EventRounds "9"]
[EventCountry "GER"]
[SourceTitle "EXT 2016"]
[Source "ChessBase"]
[SourceDate "2015.10.08"]
[SourceVersion "1"]
[SourceVersionDate "2015.10.08"]
[SourceQuality "1"]
[WhiteTeam "Stralsund FHSG II"]
[BlackTeam "Warnemuende SF Ostsee II"]
[WhiteTeamCountry "GER"]
[BlackTeamCountry "GER"]

1. d4 Nf6 2. c4 e6 3. e3 d5 4. f4 Ne4 5. Nf3 Bb4+ 6. Bd2 Nxd2 7. Nbxd2 0-0 8. a3 Be7 9. b4 Nd7 10. c5 c6 11. Bd3 f5 12. Ne5 Nxe5 13. fxe5 Bh4+ 14. g3 Bg5 15. Qe2 a5 16. 0-0 Bd7 17. Nf3 Bh6 18. Nh4 Qg5 19. Ng2 Be8 20. b5 Bh5 21. Qd2 Bg4 22. Nf4 Qe7 23. a4 g5 24. Ng2 Bh3 25. Rf2 Bxg2 26. Rxg2 g4 27. b6 Bg5 1/2-1/2

[Event "Mecklenburg VP LL1 0607"]
[Site "Mecklenburg VP"]
[Date "2006.12.10"]
[Round "4.5"]
[White "Goretzki, Norbert"]
[Black "Lehmann, Ruben"]
[Result "1-0"]
[WhiteElo "1662"]
[BlackElo "1551"]
[PlyCount "111"]
[EventDate "2006.10.15"]
[EventType "team"]
[EventRounds "9"]
[EventCountry "GER"]
[SourceTitle "EXT 2008"]
[Source "ChessBase"]
[SourceDate "2007.11.25"]
[SourceVersion "1"]
[SourceVersionDate "2007.11.25"]
[SourceQuality "1"]
[WhiteTeam "Stralsund FHSG II"]
[BlackTeam "Wolgast Motor"]
[WhiteTeamCountry "GER"]
[BlackTeamCountry "GER"]

1. d4 Nf6 2. Bf4 g6 3. Nf3 Bg7 4. Nc3 0-0 5. e4 d6 6. h3 b6 7. Qd2 Bb7 8. Bd3 Nbd7 9. Bh6 e5 10. Bxg7 Kxg7 11. d5 Nc5 12. 0-0-0 a5 13. Nh2 Ba6 14. f3 Qd7 15. Ng4 Ng8 16. Bxa6 Rxa6 17. h4 h6 18. Ne3 b5 19. g4 b4 20. Ne2 Rb8 21. Kb1 a4 22. Nc1 Qb5 23. Rh2 Ne7 24. Qe2 Qb6 25. Rf1 Rba8 26. Nc4 Qb7 27. f4 exf4 28. Rxf4 Rf8 29. Rhf2 Qc8 30. Nd3 Nxd3 31. Qxd3 Ra8 32. e5 dxe5 33. Nxe5 f6 34. Nc4 Qd7 35. Ne3 Rad8 36. Rxb4 c5 37. Rc4 Nxd5 38. Rd2 Nb6 39. Qxd7+ Rxd7 40. Rxd7+ Nxd7 41. Kc1 Ra8 42. Kd2 Ra7 43. Ke2 Kf7 44. Kf2 Ke6 45. Kg3 Kd6 46. Rc3 Ne5 47. Kf4 Rb7 48. b3 Rb4+ 49. Kg3 a3 50. Kh3 h5 51. gxh5 gxh5 52. Kg3 Ng6 53. Nc4+ Kc6 54. Rf3 Ne5 55. Rxf6+ Kd5 56. Rf5 1-0

[Event "Mecklenburg VP LL1 0607"]
[Site "Mecklenburg VP"]
[Date "2006.10.29"]
[Round "2.5"]
[White "Goretzki, Norbert"]
[Black "Hantel, Thomas"]
[Result "1-0"]
[WhiteElo "1662"]
[BlackElo "1690"]
[PlyCount "57"]
[EventDate "2006.10.15"]
[EventType "team"]
[EventRounds "9"]
[EventCountry "GER"]
[SourceTitle "EXT 2008"]
[Source "ChessBase"]
[SourceDate "2007.11.25"]
[SourceVersion "1"]
[SourceVersionDate "2007.11.25"]
[SourceQuality "1"]
[WhiteTeam "Stralsund FHSG II"]
[BlackTeam "Guestrow/Teterow"]
[WhiteTeamCountry "GER"]
[BlackTeamCountry "GER"]

1. d4 d5 2. Bf4 Nf6 3. h3 e6 4. e3 Bd6 5. Bd3 0-0 6. Nf3 c5 7. dxc5 Bxc5 8. 0-0 Nc6 9. c3 Re8 10. Bc2 e5 11. Bg5 Be7 12. Nbd2 h6 13. Bh4 Be6 14. Re1 e4 15. Nh2 g5 16. Bg3 Bd6 17. f4 exf3 18. Qxf3 Ne5 19. Bxe5 Bxe5 20. Nb3 Qd6 21. Ng4 Nxg4 22. hxg4 Bh2+ 23. Kh1 Re7 24. Nd4 Bd7 25. Bf5 Bg3 26. Re2 Qe5 27. Bxd7 Rxd7 28. Nf5 Bh4 29. g3 1-0

[Event "Mecklenburg VP LL1 0607"]
[Site "Mecklenburg VP"]
[Date "2006.10.15"]
[Round "1.5"]
[White "Rosin, Ralf"]
[Black "Goretzki, Norbert"]
[Result "1-0"]
[WhiteElo "1714"]
[BlackElo "1662"]
[PlyCount "93"]
[EventDate "2006.10.15"]
[EventType "team"]
[EventRounds "9"]
[EventCountry "GER"]
[SourceTitle "EXT 2008"]
[Source "ChessBase"]
[SourceDate "2007.11.25"]
[SourceVersion "1"]
[SourceVersionDate "2007.11.25"]
[SourceQuality "1"]
[WhiteTeam "Pasewalk"]
[BlackTeam "Stralsund FHSG II"]
[WhiteTeamCountry "GER"]
[BlackTeamCountry "GER"]

1. d4 d5 2. Nf3 Nf6 3. c4 e6 4. Bg5 Be7 5. Nc3 c6 6. e3 0-0 7. Qc2 Nbd7 8. Rc1 h6 9. Bh4 Nh7 10. Bxe7 Qxe7 11. Bd3 Ng5 12. Ne5 Nxe5 13. dxe5 f5 14. cxd5 exd5 15. f4 Ne4 16. Bxe4 fxe4 17. Qb3 Be6 18. Qd1 Qh4+ 19. g3 Qh3 20. Qe2 Bg4 21. Qf1 Qh5 22. h4 Qf7 23. Ne2 Rae8 24. Nd4 Qc7 25. Qb5 Qf7 26. Qf1 a6 27. Kd2 Qc7 28. Qe1 c5 29. Nb3 b6 30. Kc2 a5 31. Kb1 Qf7 32. Qd2 a4 33. Na1 h5 34. Nc2 Be6 35. a3 g6 36. Rhg1 Kh7 37. Ka1 Rd8 38. Qe2 Qa7 39. Qb5 Bd7 40. Qe2 Qa5 41. g4 hxg4 42. Rxg4 Rf5 43. Rcg1 Be8 44. Qg2 Qa7 45. Rxg6 Rd7 46. Qg4 Rdf7 47. Rh6+ 1-0

[Event "Mecklenburg VP LL1 0506"]
[Site "Mecklenburg VP"]
[Date "2006.04.02"]
[Round "9.7"]
[White "Knoblauch, Arnd"]
[Black "Goretzki, Norbert"]
[Result "1-0"]
[WhiteElo "1677"]
[BlackElo "1704"]
[PlyCount "103"]
[EventDate "2005.10.23"]
[EventType "team"]
[EventRounds "9"]
[EventCountry "GER"]
[SourceTitle "EXT 2008"]
[Source "ChessBase"]
[SourceDate "2007.11.25"]
[SourceVersion "1"]
[SourceVersionDate "2007.11.25"]
[SourceQuality "1"]
[WhiteTeam "Greifswald II"]
[BlackTeam "Stralsund FHSG II"]
[WhiteTeamCountry "GER"]
[BlackTeamCountry "GER"]

1. d4 d5 2. Nf3 Nf6 3. c4 e6 4. Nc3 Be7 5. e3 0-0 6. c5 b6 7. b4 a5 8. Ba3 axb4 9. Bxb4 Na6 10. Bxa6 Bxa6 11. Ne5 Qe8 12. Nd3 Nd7 13. cxb6 cxb6 14. Bxe7 Qxe7 15. 0-0 Qa3 16. Qd2 Rfc8 17. Rfc1 h6 18. Ne1 Bc4 19. Nc2 Qa5 20. a3 f5 21. Nb4 Nf6 22. Qb2 Rc7 23. Nb1 Rac8 24. Nd2 Ne4 25. Nxc4 Rxc4 26. Rxc4 dxc4 27. f3 Nd6 28. Rd1 Qa4 29. Nc2 Qb3 30. Qc1 Kf7 31. d5 e5 32. Kf2 Qb5 33. Nb4 Qc5 34. Qc3 e4 35. f4 Re8 36. g3 Nb5 37. Qc1 Ra8 38. Nc2 Nc3 39. Rd4 Nxd5 40. Qd2 Nf6 41. Rd6 Re8 42. h3 c3 43. Qd1 h5 44. Nb4 g6 45. Rc6 Qe7 46. Rxc3 Rd8 47. Qc1 Ne8 48. Nc6 Qd6 49. Nxd8+ Qxd8 50. Rc6 Kg7 51. Qb2+ Kh6 52. Qh8# 1-0

[Event "Mecklenburg VP LL1 0506"]
[Site "Mecklenburg VP"]
[Date "2006.02.19"]
[Round "7.8"]
[White "Trapp, Klaus"]
[Black "Goretzki, Norbert"]
[Result "0-1"]
[WhiteElo "1479"]
[BlackElo "1704"]
[PlyCount "218"]
[EventDate "2005.10.23"]
[EventType "team"]
[EventRounds "9"]
[EventCountry "GER"]
[SourceTitle "EXT 2008"]
[Source "ChessBase"]
[SourceDate "2007.11.25"]
[SourceVersion "1"]
[SourceVersionDate "2007.11.25"]
[SourceQuality "1"]
[WhiteTeam "Torgelow II"]
[BlackTeam "Stralsund FHSG II"]
[WhiteTeamCountry "GER"]
[BlackTeamCountry "GER"]

1. c4 e6 2. Nc3 f5 3. Nf3 Nf6 4. d3 b6 5. h3 Bb7 6. Bg5 Bxf3 7. exf3 Nc6 8. a3 h6 9. Bxf6 Qxf6 10. Be2 Bc5 11. 0-0 0-0 12. Rb1 Bd4 13. Qd2 Bxc3 14. bxc3 f4 15. d4 Ne7 16. Bd3 c6 17. Qe2 g6 18. g3 Kg7 19. Kg2 Rae8 20. Qd2 h5 21. Rbe1 h4 22. g4 g5 23. Re2 Ng6 24. Rfe1 Re7 25. Qc2 Rfe8 26. Bxg6 Qxg6 27. Qd2 Qf6 28. Re4 d6 29. Qd3 e5 30. d5 cxd5 31. cxd5 Rc7 32. Rc4 Rec8 33. Rxc7+ Rxc7 34. c4 Qg6 35. Qb3 Qe8 36. a4 Qc8 37. Qb4 Rc5 38. Ra1 Qc7 39. Rc1 Qe7 40. Re1 Qd7 41. Re2 Qc7 42. Rc2 Ra5 43. Qb3 Qd7 44. Ra2 Qe8 45. Qc2 Qg6 46. Qe2 Qb1 47. Rb2 Qg6 48. Ra2 Qe8 49. Qc2 Qc8 50. Qb3 Rc5 51. Rc2 Qe8 52. Re2 Ra5 53. Qb4 Rc5 54. Re1 Kf6 55. Qb1 Qg6 56. Qb3 Ke7 57. Ra1 Qe8 58. Qb4 Qc8 59. Qb1 Qg8 60. Qd3 Qf7 61. Qb3 Qg6 62. Re1 Kd7 63. Re2 Kc7 64. Qc3 Qe8 65. Qb3 Ra5 66. Ra2 Kb7 67. Qb4 Qd7 68. Ra1 Qe7 69. Qb3 Ka8 70. Re1 Rc5 71. Re4 Qd7 72. Re2 Qe8 73. Qb4 Kb7 74. Ra2 e4 75. a5 exf3+ 76. Kxf3 b5 77. cxb5 Qxb5 78. Qxb5+ Rxb5 79. Ke4 Kc7 80. Rc2+ Kd7 81. a6 Ra5 82. Rc6 f3 83. Rc3 Rxa6 84. Rxf3 Ke7 85. Rf5 Ra4+ 86. Kf3 Ra3+ 87. Kg2 a5 88. Rxg5 Rd3 89. Rg7+ Kf6 90. Rh7 Rxd5 91. Rxh4 Kg6 92. Rh8 a4 93. Ra8 Rd4 94. f3 d5 95. Kg3 Rb4 96. h4 d4 97. h5+ Kh6 98. Kh4 d3 99. Ra6+ Kh7 100. Rd6 Rb3 101. f4 a3 102. g5 a2 103. Rd7+ Kg8 104. g6 a1Q 105. Rd8+ Kg7 106. Rd7+ Kf6 107. Rf7+ Ke6 108. f5+ Kd5 109. g7 Qg1 0-1